000 00780nam a22002057a 4500
999 _c12997
_d12997
003 AR-CdUCM
008 190228b ||||| |||| 00| 0 spa d
040 _aMUNICIPALIDAD PROVINCIAL DEL CUSCO
_cBIBLIOTECA MUNICIPAL DEL CUSCO
082 _23 ed.
_a373.2 /
_bL98 / 1947
100 _aLuzuriaga, Lorenzo
_96575
245 _aLa pedagogia contemporanea
260 _aBuenos aires :
_bEditorial Losada, S.A.;
_c1963.
300 _a198 paginas ;
_c19 cm.
505 _aLa pedagogía individual -- La pedagogía psicológica -- La pedagogía política -- La pedagogía social -- La pedagogía filosófica ...
650 _aEscuela activa
_96576
650 _aMetodología creativa
_96577
650 _aEducación compartida
_96578
942 _2ddc
_cLIBROS
945 _awfj
_d2019-04-10